Archive public : επιτελέσεις αρχείων στη δημόσια τέχνη: τοπικές παρεμβάσεις
[...] Στα δύο εισαγωγικά κείμενα αναπτύσσουμε δύο υποθέσεις για την τέχνη του αρχείου. Η μία προτείνει την αρχειακή επιτέλεση ως δημόσια τέχνη που παρεμβαίνει στις διαδικασίες συνδιαμόρφωσης του αρχείου με έμφαση στο πολιτικό πεδίο επιτελέσεων "πράξης και ομιλίας". Η συγχρονικότητα της επι...
Αποθηκεύτηκε σε:
| Κύριος συγγραφέας: | |
|---|---|
| Άλλοι συγγραφείς: | |
| Μορφή: | Βιβλίο |
| Γλώσσα: | Greek |
| Δημοσίευση: |
Αθήνα :
Cube Art Editions,
2012
|
| Θέματα: | |
| Ετικέτες: |
Προσθήκη ετικέτας
Δεν υπάρχουν, Καταχωρήστε ετικέτα πρώτοι!
|
MARC
| LEADER | 00000cam a2200000 i 4500 | ||
|---|---|---|---|
| 001 | 1/46176 | ||
| 008 | 140414s2012 gre d | ||
| 020 | |a 978-960-99662-7-6 | ||
| 035 | |l 10117433 | ||
| 040 | |a GR-MY-UA |b gre |e aacr | ||
| 041 | 0 | |a gre | |
| 082 | 0 | |a 709.0408 |2 (23) | |
| 100 | 1 | |a Κούρος, Πάνος. | |
| 245 | 1 | 0 | |a Archive public : |b επιτελέσεις αρχείων στη δημόσια τέχνη: τοπικές παρεμβάσεις / |b Archive public : performing archives in public art: topical interpositions / |c Πάνος Κούρος και Ελπίδα Καραμπά = |c Panos Kouros and Elpida Karaba |
| 260 | |a Αθήνα : |b Cube Art Editions, |c 2012 | ||
| 300 | |a 275 σ.; |b εικ.; |c 24 εκ. | ||
| 504 | |a Περιλαμβάνει βιβλιογραφία και ευρετήριο | ||
| 520 | |a [...] Στα δύο εισαγωγικά κείμενα αναπτύσσουμε δύο υποθέσεις για την τέχνη του αρχείου. Η μία προτείνει την αρχειακή επιτέλεση ως δημόσια τέχνη που παρεμβαίνει στις διαδικασίες συνδιαμόρφωσης του αρχείου με έμφαση στο πολιτικό πεδίο επιτελέσεων "πράξης και ομιλίας". Η συγχρονικότητα της επιτέλεσης δημιουργεί πεδία δημόσιας συνεκφώνησης, μια δυνατότητα σύνδεσης διαφορετικών δημοσίων σφαιρών σε διαφορετικά στάδια της αρχειοθέτησης, δοκιμάζοντας εναλλακτικές μορφές συμμετοχής και συλλογικής συγγραφής. Η άλλη εξετάζει το αρχείο ως δημοκρατική θεσμίζουσα καλλιτεχνική πρακτική, με έμφαση στην ανάληψη δημόσιας εξουσίας ως δύναμης (potentia). Αυτή εκφέρεται ως έννομη συναρθρωτική πρακτική που δημιουργεί συνθήκες ριζοσπαστικού δημόσιου χώρου και παραγωγής δυναμικών συλλογικοτήτων. Ζητήθηκε από έλληνες καλλιτέχνες να παραγάγουν προτάσεις έργων που πληροφορούνται από τις θεωρητικές αυτές υποθέσεις και αναπτύσσονται παράλληλα και σε διάλογο με τις σχετικές συζητήσεις στη διαδικτυακή πλατφόρμα για τη δημόσια αρχειακή τέχνη, εστιάζοντας στο ιδιαίτερο αστικό, κοινωνικό και πολιτισμικό πλαίσιο της Πάτρας. [...] | ||
| 650 | 0 | 0 | |a Public art. |
| 650 | 0 | 0 | |a Art, Modern. |
| 650 | 0 | 0 | |a Public spaces. |
| 650 | 0 | 0 | |a Art |x Political aspects. |
| 700 | 1 | |a Καραμπά, Ελπίδα. | |
| 852 | |a INST |b LESVOS |e 20140414 |h 709.0408 ΚΟΥ |p 005100054030 |q 005100054030 |t BK |y 0 | ||
| 852 | |a INST |b LESVOS |c EUDOXUS |e 20140414 |h 709.0408 ΚΟΥ |p 005100054032 |q 005100054032 |t EDX |y 0 | ||
| 901 | |a BIBL1-2014-1 | ||
| 909 | |a Λ |b 179220 | ||
| 909 | |a Λ |b 188822 | ||
| 920 | |a Εύδοξος |b Παραγγελία |y Λέσβος-ΤΓ |z 2013-12 | ||
| 922 | |a 1ΕΛΗ |b 201210 |c Τμήμα Γεωγραφίας |d Ιωαννίδου | ||
| 970 | |a Τζαφέρη |b Ευαγγελία |z 2014/04/15 | ||